Estudio prc̀tico de las Reformas Fiscales

Bibliographic Details
Main Author: Martn̕ez Gutiřrez, Javier
Format: eBook
Language:Spanish
Published: Mx̌ico D.F: Ediciones Fiscales ISEF, 2014
Subjects:
Online Access:Acceso restringido

MARC

LEADER 00000nam a22000007a 4500
005 20140129173613.0
007 cr|||| ||||
008 140129s2014 mx |||||s|||| 00||0 spa d
020 |a 978-368-726-781-2 
035 |a 11778 
040 |a vLex 
090 |c 4691  |d 4691 
100 1 |a Martn̕ez Gutiřrez, Javier 
245 1 0 |a Estudio prc̀tico de las Reformas Fiscales  |h [Recurso electrn̤ico] /  |c Javier Martn̕ez Gutiřrez  
256 |a Servicio en ln̕ea 
260 |a Mx̌ico D.F:  |b Ediciones Fiscales ISEF,   |c 2014 
300 |a 1 recurso electrn̤ico 
506 1 |a Contenido disponible en los productos indicados  |d vLex Global  |d vLex Global (Academic Edition, excluding Law Schools)  |d vLex Global (U.S. Academic Edition, Law Schools)  |d vLex Global (U.S. Academic Edition, excluding Law Schools)  |d vLex Global (Academic Edition, Law Schools) 
650 0 4 |a Derecho fiscal  |x Mx̌ico 
740 0 |a vLex Libros (Servicio en ln̕ea) 
856 4 0 |u http://vlex.com/source/estudio-practico-reformas-fiscales-11778  |z Acceso restringido 
942 |c BOOK 
999 0 |a Taxation